000 02816cam a22004574i 4500
003 PE-LiUPU
005 20250731165425.0
008 160202s2014 pe a grm 000 0 spa d
035 _a(Sirsi) a155867
040 _aPE-LiUPU
_bspa
_cPE-LiUPU
_erda
099 _aTNH 2
_bC43 2014
100 1 _aCentón Quispe, Elisban Vicente
_eautor
245 1 _aRelación del nivel de hidratación y la pérdida de masa grasa en personas que realizan actividad física en los gimnasios: Gimasio y Salud, Aeróbicos Ruth y Club Deportivo Rázuri, Urbanización Alameda, Ñaña, Lurigancho, Lima 2013.
264 0 _c2014.
300 _a141 hojas :
_bilustraciones;
_c30 cm
336 _atext
_2rdacontent
337 _aunmediated
_2rdamedia
338 _avolume
_2rdacarrier
502 _aTesis
_b(Lic.) --
_cUniversidad Peruana Unión,
_d2014.
504 _aIncluye referencias
520 3 _aEl presente trabajo tuvo como objetivo relacionar el nivel de hidratación y la pérdida de masa grasa en personas que realizan actividad física en gimnasios de la urbanización La Alameda, Lima 2013, donde se realizó un estudio de tipo correlacional, de diseño no experimental. En la metodología se utilizaron equipos antropométricos como tallímetro, balana, cinta métrica, impedanciometro y cáliper, estandarizados por el Centro Nacional de Alimentación y Nutrición (CENAN), al igual que la tabla de escala de colores Armstrong para determinar el nivel de deshidratación. Como resultado se encontró entre los participantes una inadecuada hidratación, la gran mayoría presentaba una deshidratación significativa comenzando en la primera semana con un 75% a un 78.8% en la cuarta semana. Además, todos los participantes redujeron su porcentaje de masa grasa. Sin embargo, se observó que en las dos primeras semanas de evaluación hubo una influencia significativa y en las dos restantes no hubo influencia, en conclusión, presento una significancia de 0.03 existiendo correlación entre ambas variables, se termina explicando que existen otras variables que influyen en la pérdida de masa grasa como la alimentación, la intensidad, tiempo, tipo de ejercicio, género y diferentes tipos de metabolismo.
526 _aSEG44
526 _aSEG26
526 _aP151
526 _aP150
526 _aP149
526 _aP146
526 _aP145
526 _aP126
526 _aP125
526 _aP92
526 _aP75
526 _aP74
526 _aP27
526 _aP15
650 0 4 _aGimnastas
_xHidratación
_xAdelgazamiento
_vTesis.
700 1 _aPérez Fernández, Elí Pedro
_eautor
596 _a1
942 _2ddc
_cTESIS
999 _aTNH 2 C43 2014
_wALPHANUM
_c8543
_iT01541
_lCCODEBUL3
_mBUL
_r1
_sY
_tTESIS
_u2016-2-2
_xSALUD
_PP31
_o.STAFF. Tesis
_d8543
980 _81
_gALBERTO SANCHEZ Responsable de Automatización